US v. UK Baby Names Battle (2013) Quiz Stats

Quiz Updated Oct 18, 2014

Challenge
Share
Tweet
Embed
Score 0/100 Timer 10:00
7 Plays Today
US/UK Name % Correct
USElizabeth
73.7%
UKElizabeth
73.7%
USEmma
73.2%
USEmily
70.8%
UKEmily
70.8%
USSarah
68.9%
USAnna
68.1%
USOlivia
59.7%
UKOlivia
59.7%
UKJessica
57.6%
USHannah
57.5%
UKHannah
57.5%
USSophia
54.1%
UKSophia
54.1%
UKSophie
52.6%
USCharlotte
50.5%
UKCharlotte
50.5%
USIsabella
50.3%
UKIsabella
50.3%
USGrace
48.1%
UKGrace
48.1%
USMadison
46.7%
USVictoria
46.6%
USChloe
46%
UKChloe
46%
USLily
45.6%
UKLily
45.6%
USAva
45.1%
UKAva
45.1%
USElla
44.9%
UKElla
44.9%
UKIsabelle
41.8%
USAbigail
41.3%
UKAbigail
41.3%
US/UK Name % Correct
USZoe
40.8%
USSamantha
40.6%
USAmelia
40.3%
UKAmelia
40.3%
UKEva
40%
UKLucy
39.8%
UKMegan
36.2%
UKAlice
36.1%
USMia
35.6%
UKMia
35.6%
UKMolly
35.3%
UKEllie
32.9%
USNatalie
31.7%
USClaire
30.4%
UKDaisy
29.1%
UKHolly
29%
USLeah
28.8%
UKRuby
28.6%
USEvelyn
27.5%
UKEvelyn
27.5%
USAlexis
27.5%
USAllison
26.8%
USSofia
26.7%
UKSofia
26.7%
UKJasmine
26.2%
UKRosie
25.6%
UKErin
25.4%
UKPoppy
24.7%
USAddison
24.4%
UKLilly
23.6%
USLillian
22.9%
USGabriella
21.8%
USZoey
21.6%
USAudrey
20.2%
US/UK Name % Correct
UKPhoebe
20.1%
UKIsla
20.1%
UKEvie
20%
USAvery
19.4%
USHailey
19.4%
USAria
19.1%
USRiley
18.5%
USScarlett
18.3%
UKScarlett
18.3%
USBrooklyn
18.1%
USSavannah
18%
USAubrey
17.9%
UKMillie
17.8%
UKLola
17.7%
USLayla
17.3%
UKLayla
17.3%
USHarper
15.6%
USKaylee
15.2%
UKFreya
15%
UKSummer
14.9%
UKImogen
14.8%
USSadie
14.2%
UKMaisie
14.2%
USArianna
13.4%
UKFlorence
13.2%
USNevaeh
13.1%
UKSienna
12.6%
UKLexi
12.3%
UKMatilda
12.1%
UKElsie
11.4%
USAaliyah
8.8%
USCamila
7.1%

You're not logged in!

Compare scores with friends on all Sporcle quizzes.
Sign Up with Email
OR
Log In

You Might Also Like...

Show Comments

Extras

Top Quizzes Today


Score Distribution

Your Account Isn't Verified!

In order to create a playlist on Sporcle, you need to verify the email address you used during registration. Go to your Sporcle Settings to finish the process.